000 00725nam a2200205 a 4500
008 130516s2011 ||||||||||||||||| || u
020 _a9780702033766
050 _aRB 111 Pat
100 _aRoberts, Kate
245 1 0 _aPathology illustrated. (7th ed.)
_cedited by Robin Reid; (and others)
250 _a7th ed.
260 _aEdinburgh:
_bChurchill Livingstone/Elsevier
_c2011
300 _axii, 670p.: ill.
500 _aSCHOOL OF MEDICINE
650 0 _aPATHOLOGY
700 _aCallander, Robin
700 _aMacDuff, Elaine
700 _aReid, Robin
995 _aSHORT LOAN BOOKS
_e901993
_FCBU-SCHOOL OF MEDICINE LIBRARY (Ndola)
_jRB 111 Pat
_M1
_UAVAILABLE
_WMay 20, 2013
_y901993
_ZMedical Library Open Access Collection
999 _c32310
_d32310